000 00383nam a2200181Ia 4500
003 0STCL
008 150530s9999 xx 000 0 und d
040 _aSTCL
_cSTCL
100 _aEswara Pilla,R
245 _aChintha Santhanam
250 _a2
260 _bAuthor
_c1937
300 _a0
546 _aMalayalam
942 _2ddc
_cBK
999 _c80673
_d80673
005 20220125171744.0